| 000 | 00658nam a2200205 a 4500 | ||
|---|---|---|---|
| 005 | 20251008063958.0 | ||
| 008 | 160823s2013 mx r 000 0 spa d | ||
| 020 | _a9788473568906 | ||
| 035 | _aUPN01000212501 | ||
| 049 | _aCG | ||
| 050 | 4 |
_aHB172.5 _bC8.3 |
|
| 245 | 0 | 0 |
_aCuestiones básicas de macroeconomía intermedia / _cMaría Teresa Freire Rubio ... [et al.]. |
| 260 |
_aMadrid : _bUniversidad Rey Juan Carlos : _bESIC, _c2013. |
||
| 300 |
_a244 p. : _btablas, gráfs. |
||
| 650 | 2 |
_aMacroeconomía _9709 |
|
| 650 | 4 |
_aEconomía _xEstudio y enseñanza _94608 |
|
| 700 | 1 |
_aFreire Rubio, María Teresa, _ecoaut. |
|
| 905 | _aLibro | ||
| 999 |
_c184601 _d184601 |
||